00291nam a2200121Ia 4500008004100000082001800041100001700059245004500076250000800121260002400129300000800153650000800161191201s2012 xx 000 0 und d a658.4012bKAS aKAZMI, Azhar 0aStrategic Management and Business Policy aRep aN. DelhibTMHc2012 a698 aBBA